Catálogo
 En Linea

Antología de la musica popular dominicana. (Registro nro. 33808)

Detalles MARC
000 -CABECERA
campo de control de longitud fija 00367nam a2200133 a 4500
001 - NÚMERO DE CONTROL
campo de control 000034317
005 - FECHA Y HORA DE LA ÚLTIMA TRANSACCIÓN
campo de control 20200930073632.0
008 - DATOS DE LONGITUD FIJA--INFORMACIÓN GENERAL
campo de control de longitud fija 111003s1980 a r 000 spa d
040 ## - FUENTE DE LA CATALOGACIÓN
Centro catalogador/agencia de origen DO-SdBNP
Lengua de catalogación spa
Centro/agencia transcriptor BNPHU
082 ## - NÚMERO DE LA CLASIFICACIÓN DECIMAL DEWEY
Número de clasificación xxxx
Número de documento/Ítem A634
245 00 - MENCIÓN DE TÍTULO
Título Antología de la musica popular dominicana.
260 ## - PUBLICACIÓN, DISTRIBUCIÓN, ETC.
Lugar de publicación, distribución, etc. Santo Domingo :
Nombre del editor, distribuidor, etc. Colonial,
Fecha de publicación, distribución, etc. [1980].
300 ## - DESCRIPCIÓN FÍSICA
Extensión 64 p. ;
Dimensiones 18 cm.
Existencias
Estado de retiro Estado de pérdida Restricciones de uso No para préstamo Código de colección Localización permanente Ubicación/localización actual Ubicación en estantería Fecha de adquisición Número de inventario Total de préstamos Signatura topográfica completa Código de barras Fecha visto por última vez Número de copia Precio válido a partir de Tipo de ítem Koha Nota pública
        Monografías: Libros y Folletos General General Depósito 17.06.2019 LF1   xxxx A634 34317-30 25.06.2020 e. 3 25.06.2020 Préstamo en sala Perteneció a la biblioteca personal de Lourdes Delgado.
      Excluido de préstamo Monografías: Libros y Folletos Patrimonio Dominicano Patrimonio Dominicano Depósito 03.10.2011 LF1   xxxx A634 34317-10 25.06.2020   25.06.2020 No se presta  
      Excluido de préstamo Monografías: Libros y Folletos Patrimonio Dominicano Patrimonio Dominicano Depósito 17.06.2019 LF1   xxxx A634 34317-20 25.06.2020 e. 2 25.06.2020 No se presta Perteneció a la biblioteca personal Lourdes Delgado.

Con tecnología Koha